Palabras mágicas : qué decir para convencer /

Detalles Bibliográficos
Autor principal: Berger, Jonah (Autor)
Otros Autores: Trabal, Betty (Traductor)
Formato: Electrónico eBook
Lenguaje:español
inglés
Publicado: Barcelona, España : Editorial Reverté, [2024]
Materias:
Acceso en línea:Digitalia Hispánica

MARC

LEADER 00000nam a2200000Ii 4500
001 DIGREVMGM0077
003 NyNyDIG
006 m o d
007 cr |||||||||||
008 240606s2024 sp ob 001 0 spa d
035 |a (OCoLC)1437904986 
040 |a DGITA  |b eng  |e rda  |e pn  |c DGITA 
020 |a 9788429197778  |q (pdf) 
020 |a 9788429197761  |q (ePub) 
020 |z 9788417963910  |q (papel) 
041 1 |a spa  |h eng 
050 1 4 |a BF637.P4 ebook 
082 0 4 |a 153.852  |2 23 
100 1 |a Berger, Jonah,  |e author. 
240 1 0 |a Magic words.  |l Spanish  |s (Trabal) 
245 1 0 |a Palabras mágicas :  |b qué decir para convencer /  |c Jonah Berger ; traducción, Betty Trabal. 
264 1 |a Barcelona, España :  |b Editorial Reverté,  |c [2024] 
300 |a 1 online resource. 
336 |a text  |b txt  |2 rdacontent 
337 |a computer  |b c  |2 rdamedia 
338 |a online resource  |b cr  |2 rdacarrier 
347 |a text file  |2 rdaft 
347 |b PDF 
347 |b EPUB 
500 |a "REMlife"--Cover. 
500 |a "Autor del Bestseller Contagioso"--Cover. 
504 |a Includes bibliographical references and index. 
588 0 |a Online resource; title from PDF title page (Digitalia, viewed June 6, 2024) 
650 0 |a Persuasion (Psychology) 
650 0 |a Communication. 
700 1 |a Trabal, Betty,  |e translator. 
700 1 |i Translation of:  |a Berger, Jonah.  |t Magic words. 
791 2 |a Digitalia (Firm),  |e distributor. 
793 0 |g Digitalia eBook Collection:  |a Reverté Management 
776 0 8 |i Print version:  |a Berger, Jonah.  |s Magic words. Spanish (Trabal).  |t Palabras mágicas.  |d Barcelona, España : Editorial Reverté, [2024]  |z 9788417963910 
856 4 0 |3 Digitalia Hispánica  |u https://www.digitaliapublishing.com/a/138578/ 
910 |a Premium collection: 2024